Texas vs Oklahoma - Statistics

General Stats
  • This quiz has been taken 23 times
  • The average score is 12 of 15
Answer Stats
Question Answer % Correct
Who lead the all time series Texas
100%
Lincoln Riley was the head coach of which team Oklahoma
88%
Who had the largest victory in this series(65-13)(2003) Oklahoma
88%
Who won more national championships Oklahoma
88%
Who has more heisman winners Oklahoma
88%
CeeDee Lamb played Wide Receiver for which team Oklahoma
88%
Baker Mayfield played Quarterback for which team Oklahoma
88%
Who won the first meeting (28-2)(1900) Texas
88%
Vince Young led which team to 2006 Rose Bowl Championship Texas
88%
True or False the winner get a trophy called "Golden Hat" True
88%
True or False Sam Bradford play quarterback for Texas False
75%
Who has the longest winning streak in this series Texas
75%
True or False they played each other in the Big 12 Championship Game True
75%
Made the college football playoffs Both
38%
True or False this game is referred to as the ''Cotton Bowl" True
38%
No matching quizzes found
Score Distribution
Percent of People with Each Score
Percentile by Number Answered
Your Score History
You have not taken this quiz